Europe: Albums by Cover - Statistics

General Stats
  • This quiz has been taken 4 times
  • The average score is 5 of 11
Answer Stats
Picture Hint Answer % Correct
1983 Europe
100%
1986 The Final Countdown
75%
1988 Out of This World
50%
1991 Prisoners in Paradise
50%
1984 Wings of Tomorrow
50%
2012 Bag of Bones
25%
2009 Last Look at Eden
25%
2006 Secret Society
25%
2004 Start from the Dark
25%
2017 Walk the Earth
25%
2015 War of Kings
25%
No matching quizzes found
Score Distribution
Percent of People with Each Score
Percentile by Number Answered
Your Score History
You have not taken this quiz